Jetpunkの言語 - Statistics

General Stats
  • This quiz has been taken 129 times
  • The average score is 17 of 26
Answer Stats
Answer % Correct
英語
99%
日本語
98%
中国語
98%
フランス語
97%
ドイツ語
96%
ロシア語
96%
スペイン語
95%
ポルトガル語
92%
イタリア語
89%
アラビア語
87%
フィンランド語
73%
スウェーデン語
69%
ギリシャ語
68%
オランダ語
67%
ノルウェー語
67%
ポーランド語
63%
デンマーク語
59%
トルコ語
57%
チェコ語
54%
ハンガリー語
54%
セルビア語
41%
クロアチア語
40%
ブルガリア語
38%
エストニア語
30%
テルグ語
2%
ヴェネト語
0%
No matching quizzes found
Score Distribution
Percent of People with Each Score
Percentile by Number Answered
Your Score History
You have not taken this quiz